|
|
|
|
| LEADER |
00000nam a2200000 a 4500 |
| 001 |
vtls001194201 |
| 003 |
SK-MaSNL |
| 005 |
20260302064940.0 |
| 008 |
251124s1896 HU 0 hun |
| 035 |
|
|
|a SNK000137268
|
| 040 |
|
|
|a SNK
|b slo
|c SNK
|e AACR2
|
| 041 |
0 |
|
|a hun
|
| 044 |
|
|
|a HU
|
| 245 |
1 |
|
|a Bereg vármégye térképe
|b Mérték 1:400000
|c Pál Gönczy
|
| 260 |
|
|
|a Budapest
|b Posner Károly Lajos
|c 1896
|
| 300 |
|
|
|a l list
|c 31 x 24 cm
|
| 700 |
1 |
|
|a Gönczy, Pál
|4 aut
|9 518475
|
| 958 |
|
|
|a ONDV
|
| 958 |
|
|
|a RK
|
| 999 |
|
|
|c 1139821
|d 1141751
|
| 952 |
|
|
|t P60, <04>, [BOOK], {604}
|a SNK
|b SNK
|y VYP
|7 0
|o snkILCm 31
|i snkK 1496/62
|0 0
|1 0
|4 0
|d 1996-04-02
|l 0
|r 2005-01-01 00:00:00
|w 2026-02-24
|